000 00644nam a22001937a 4500
005 20150811104835.0
010 _aENG-113588
020 _a9780415711159
_c795.00
035 _aEN-97120
037 _bDBAD/PUB
082 _a250
100 _aRay, Himanshu Prabha
245 _aThe return of the Buddha :
_cby Himanshu Prabha Ray
_bancient symbols for a new nation /
260 _aNew Delhi
_bRoutledge
_c2014
270 _a912 Tolstoy House, 15-17 Tolstoy Marg, Connaught Place
_bNew Delhi
_e110001
300 _ax,300p.
_c23cm(Hb)
500 _aIncludes bibliographical references and index
942 _2ddc
_cEN
_mRAY
_h250
999 _c95162
_d95162